书目信息 |
| 题名: |
工程图学实用教程
|
|
| 作者: | 姚胜兴 , 刘志儒 , 郭雪娥 编著 | |
| 分册: | ||
| 出版信息: | 武汉 武汉理工大学出版社 2005.08 |
|
| 页数: | 335页 | |
| 开本: | 26cm | |
| 丛书名: | ||
| 单 册: | ||
| 中图分类: | TB23 | |
| 科图分类: | ||
| 主题词: | 工程制图--gong cheng zhi tu--高等学校--教材 | |
| 电子资源: | ||
| ISBN: | 7-5629-2322-1 | |
| 000 | 00814nam0 2200265 450 | |
| 000 | 0000486783 | |
| 001 | CAL 012005133255 | |
| 005 | 20060529162733.78 | |
| 010 | @a7-5629-2322-1@dCNY 34.00 | |
| 099 | @aCAL 012005133255 | |
| 100 | @a20051122d2005 ekmy0chiy0121 ea | |
| 101 | 0 | @achi |
| 102 | @aCN@b420000 | |
| 200 | 1 | @a工程图学实用教程@Agong cheng tu xue shi yong jiao cheng@f刘志儒, 郭雪娥, 姚胜兴编著 |
| 210 | @a武汉@c武汉理工大学出版社@d2005.08 | |
| 215 | @a335页@c图@d26cm | |
| 320 | @a有书目 (第335页) | |
| 333 | @a非机械非土建类专业适用 | |
| 606 | 0 | @a工程制图@Agong cheng zhi tu@x高等学校@j教材 |
| 690 | @aTB23@v4 | |
| 701 | 0 | @a姚胜兴@Ayao sheng xin@4编著 |
| 701 | 0 | @a刘志儒@Aliu zhi ru@4编著 |
| 701 | 0 | @a郭雪娥@Aguo xue e@4编著 |
| 801 | 0 | @aCN@bWHUTL@c20060529 |
| 905 | @a10447@dTB23@eL735 | |
| 工程图学实用教程/刘志儒, 郭雪娥, 姚胜兴编著.-武汉:武汉理工大学出版社,2005.08 |
| 335页:图;26cm |
| 使用对象:非机械非土建类专业适用 |
| ISBN 7-5629-2322-1:CNY 34.00 |
| ● |
| 相关链接 |
|
|
|
正题名:工程图学实用教程
索取号:TB23/L735
 
预约/预借
| 序号 | 登录号 | 条形码 | 馆藏地/架位号 | 状态 | 备注 |
| 1 | 602466 | 206024666 | 自科库501/501自科库 6排1列3层/ [索取号:TB23/L735] | 在馆 | |
| 2 | 602467 | 206024675 | 自科库501/501自科库 6排1列3层/ [索取号:TB23/L735] | 在馆 | |
| 3 | 602468 | 206024684 | 自科二线400A/400A自科库 28排1列5层/ [索取号:TB23/L735] | 在馆 |